مكتبة جامعة عجلون الوطنية

فهرس بحث المكتبة

Normal view MARC view
  • المحاسبة المالية -البترول

Entry Topical Term

Number of records used in: 1

001 - CONTROL NUMBER

  • control field: 28751

003 - CONTROL NUMBER IDENTIFIER

  • control field: JO-AjAnu

005 - DATE AND TIME OF LATEST TRANSACTION

  • control field: 20230606074853.0

008 - FIXED-LENGTH DATA ELEMENTS

  • fixed length control field: 230606|| aca||aabn | a|a d

040 ## - CATALOGING SOURCE

  • Original cataloging agency: JO-AjAnu
  • Transcribing agency: JO-AjAnu

150 ## - HEADING--TOPICAL TERM

  • Topical term or geographic name entry element: المحاسبة المالية -البترول

670 ## - SOURCE DATA FOUND

  • Source citation: Work cat.: (JO-AjAnu)14757: القاضي، حسين / م.مشارك: سمير الريشاني, author 28750, محاسبة البترول